Which Wikipedia Page Has More Views? - Statistics

General Stats
  • This quiz has been taken 1,224 times
  • The average score is 6 of 15
Answer Stats
Question Answer % Correct
World War II or the United Kingdom? World War II
82%
Lionel Messi or France? Lionel Messi
71%
Vladimir Putin or Kim Kardashian? Kim Kardashian
60%
Sex or Michael Jackson? Michael Jackson
53%
Vietnam War or Nicki Minaj? Vietnam War
52%
Elon Musk or Harry Potter? Elon Musk
46%
India or Germany? India
45%
Japan or Abraham Lincoln? Abraham Lincoln
39%
Albert Einstein or Darth Vader? Darth Vader
36%
Lady Gaga or Adolf Hitler? Lady Gaga
29%
Russia or Star Wars? Russia
28%
World War I or The Beatles? World War I
23%
Cristiano Ronaldo or Queen Elizabeth II? Queen Elizabeth II
22%
9/11 or Miley Cyrus? Miley Cyrus
20%
Australia or China? Australia
7%
No matching quizzes found
Score Distribution
Percent of People with Each Score
Percentile by Number Answered
Your Score History
You have not taken this quiz